000 00651nam a22002057a 4500
005 20140306154850.0
010 _aENG-108669
020 _a9780415710060
_c895.00
035 _aEN-92202
037 _bDBAD/PUB
082 _a307.141720954
245 _aTribal development in western India /
_cedited by Amita Shah [and] Jharna Pathak
260 _aNew Delhi
_bRoutledge
_c2014
270 _a912 Tolstory House,15-17 Tolstoy Marg, Connaught Place
_bNew Delhi
_e110001
300 _axxiv,344p.
_c22cm(Hb)
500 _aIncludes index
700 _aShah, Amita
700 _aPathak, Jharna
942 _2ddc
_cEN
_mTRI
_h307.141720954
999 _c80842
_d80842